Planificación de recursos humanos en la universalización de los seguros sociales de Costa Rica /

保存先:
書誌詳細
第一著者: Suarez Villegas, Virgilio
フォーマット: 学位論文
出版事項: C. U. Rodrigo Facio: UCR
タグ: タグ追加
タグなし, このレコードへの初めてのタグを付けませんか!

MARC

LEADER 00000 a a2200000 04500
001 16551
003
040 |a CRAI/IIS  |c CRAI/IIS 
090 |a 01223.00  
100 |a Suarez Villegas, Virgilio  
245 |a Planificación de recursos humanos en la universalización de los seguros sociales de Costa Rica /  |c Virgilio Suarez Villegas 
260 |a C. U. Rodrigo Facio:   |b UCR  
300 |a 196 páginas  
502 |a Tesis (Licdo. en Administración de Negocios) -- UCR. Facultad de Ciencias Económicas y Sociales, 1974  
999 |c 17924  |d 17924